Central Library OPAC University of Rajshahi

Impact of Old Age Allowance on Elderly Welfare in Rural Bangladesh: (Record no. 77582)

MARC details
000 -LEADER
fixed length control field 01171nam a2200265 a 4500
001 - CONTROL NUMBER
control field 77582
003 - CONTROL NUMBER IDENTIFIER
rucl marc code BD-RjUL
005 - DATE AND TIME OF LATEST TRANSACTION
control field 20211209083010.0
008 - FIXED-LENGTH DATA ELEMENTS--GENERAL INFORMATION
fixed length control field 201201s2009 bg a|||| m||| 00| 0 eng d
035 ## - SYSTEM CONTROL NUMBER
System control number ( BD-RjUL )77808
040 ## - CATALOGING SOURCE
Original cataloging agency BD-RjUL
Language of cataloging eng
Modifying agency BD-RjUL
041 ## - LANGUAGE CODE
Language code of text/sound track or separate title eng
082 ## - DEWEY DECIMAL CLASSIFICATION NUMBER
Classification number 362.630954924
Author mark and year CHI 2009
Edition number 23
100 ## - MAIN ENTRY--PERSONAL NAME
Personal name Choudhary, Md. Shahidur Rahman
9 (RLIN) 242202
245 1# - TITLE STATEMENT
Title Impact of Old Age Allowance on Elderly Welfare in Rural Bangladesh:
Remainder of title A Study of Godagari Upazilla in Rajshahi District /
Statement of responsibility, etc. Md. Shaidur Rahman Choudhary ;
Linkage Supervisor : Md. Fakrul Islam
260 ## - PUBLICATION, DISTRIBUTION, ETC. (IMPRINT)
Place of publication, distribution, etc. Rajshahi :
Name of publisher, distributor, etc. Department of Social Work, Rajshahi University,
Date of publication, distribution, etc. 2009
300 ## - PHYSICAL DESCRIPTION
Pagination xv, 148 Leaves :
Illustrations ill. ;
Size 29 cm.
502 ## - DISSERTATION NOTE
Dissertation note Thesis ( Ph. D.) -- Department of Social Work, Rajshahi University, 2009
504 ## - BIBLIOGRAPHY, ETC. NOTE
Bibliography, etc References: leaves 137-142
650 ## - SUBJECT ADDED ENTRY--TOPICAL TERM
Topical term or geographic name as entry element Older people
General subdivision Care
Geographic subdivision Bangladesh
-- Rajshahi
-- Godagari Upazilla
9 (RLIN) 242203
Topical term or geographic name as entry element Older people
General subdivision Services for
Geographic subdivision Bangladesh
-- Rajshahi
-- Godagari Upazilla
9 (RLIN) 242688
Topical term or geographic name as entry element old Age Assistance
Geographic subdivision Bangladesh
-- Rajshahi
-- Godagari Upazilla
9 (RLIN) 242689
700 ## - ADDED ENTRY--PERSONAL NAME
Personal name Islam , Md. Fakrul, Supervisor
942 ## - ADDED ENTRY ELEMENTS (KOHA)
Source of classification or shelving scheme Dewey Decimal Classification
Koha item type Theses
Holdings
Lost status Source of classification or shelving scheme Damaged status Not for loan Collection code Permanent Location Current Location Shelving location Date acquired Source of acquisition Total Checkouts Full call number Date last seen Copy number Koha item type
  Dewey Decimal Classification   Not For Loan Theses Central Library, University of Rajshahi Central Library, University of Rajshahi Documentation Section 03/06/2010 Controller of Exam., RU   THE 362.630954924 CHI 2009 01/12/2020 C-1 Theses